00511nam a2200157Ia 4500003000900000008004100009040001600050080001500066100001800081245014500099260001700244300000900261650004100270650002000311650002200331IN-BaIIA211028s9999 xx 000 0 eng d cIIA Library a521.2bKUZ aKuzmin's, G G 0aSummaries of works from the Tartu observatory stellar statistics and dynamicscG. G. Kuzmin's  aLondonc1959 a50p. aAstronomy and astrophysics thesaurus aCollected works aGalactic dynamics